00585nam a2200193 a 4500001001000000003000900010005001700019007000300036008004100039040003000080041000800110082003100118100003700149245006700186250002200253264004300275300002100318600005200339000033468DO-SdBNP20260321073642.0ta091209s1961 ve 000 0 spa d aDO-SdBNPbspacBNPHUerda hspa 4a972.93053bB742t, 19612221 a Bosch, Juan, d1909-2001eautor10aTrujillo :bcausas de una tiranía sin ejemplo /cJuan Bosch. aSegunda edición aCaracas :bEditora desconocida,c1961. a199 p. ;c19 cm.10aTrujillo Molina, Rafael Leónidas,d 1891-1961